书目信息 |
| 题名: |
2019年中国新诗排行榜
|
|
| 作者: | 谭五昌 主编 | |
| 分册: | ||
| 出版信息: | 西安 陕西师范大学出版总社 2020.06 |
|
| 页数: | 30, 437页 | |
| 开本: | 21cm | |
| 丛书名: | ||
| 单 册: | ||
| 中图分类: | I227.1 | |
| 科图分类: | ||
| 主题词: | 新诗--xin shi--诗集--中国--当代 | |
| 电子资源: | ||
| ISBN: | 978-7-5695-1610-4 | |
| 000 | 01166nam0 2200241 450 | |
| 001 | 0100016208 | |
| 005 | 20201024210217.0 | |
| 010 | @a978-7-5695-1610-4@dCNY59.00 | |
| 100 | @a20200710d2020 em y0chiy50 ea | |
| 101 | 0 | @achi |
| 102 | @aCN@b610000 | |
| 105 | @ay z 000gy | |
| 106 | @ar | |
| 200 | 1 | @a2019年中国新诗排行榜@A2019 nian zhong guo xin shi pai hang bang@f谭五昌主编 |
| 210 | @a西安@c陕西师范大学出版总社@d2020.06 | |
| 215 | @a30, 437页@d21cm | |
| 314 | @a谭五昌, 北京大学文学博士。 | |
| 330 | @a《2019年中国新诗排行榜》拟收入吉狄马加、臧棣、树才、陆健、叶延滨、曾凡华、黄亚洲、潞潞、梁平、张清华、李少君、侯马、潇潇、田禾、周庆荣、庄伟杰等著名诗人与诗坛新锐于2019年度创作与发表的优秀新诗作品三百六十五首, 全面展示2019年度华语诗歌创作的思想艺术风貌。收录诗作按照十二个月份依次排列, 编选思路清晰, 结构合理。全书所选编的诗歌作品倡导题材主题的丰富广泛, 艺术风格的多姿多彩, 追求选本的纯粹性、艺术性、开放性、包容性与国际性等五大原则, 确保该书雅俗共赏的高端品质。 | |
| 606 | 0 | @a新诗@Axin shi@x诗集@y中国@z当代 |
| 690 | @aI227.1@v5 | |
| 701 | 0 | @a谭五昌@Atan wu chang@4主编 |
| 801 | 0 | @aCN@c20200710 |
| 905 | @a河南城建学院图书馆@dI227.1@f3@eT130 | |
| 2019年中国新诗排行榜/谭五昌主编.-西安:陕西师范大学出版总社,2020.06 |
| 30, 437页;21cm |
| ISBN 978-7-5695-1610-4:CNY59.00 |
| 《2019年中国新诗排行榜》拟收入吉狄马加、臧棣、树才、陆健、叶延滨、曾凡华、黄亚洲、潞潞、梁平、张清华、李少君、侯马、潇潇、田禾、周庆荣、庄伟杰等著名诗人与诗坛新锐于2019年度创作与发表的优秀新诗作品三百六十五首, 全面展示2019年度华语诗歌创作的思想艺术风貌。收录诗作按照十二个月份依次排列, 编选思路清晰, 结构合理。全书所选编的诗歌作品倡导题材主题的丰富广泛, 艺术风格的多姿多彩, 追求选本的纯粹性、艺术性、开放性、包容性与国际性等五大原则, 确保该书雅俗共赏的高端品质。 |
| ● |
| 相关链接 |
|
|
|
正题名:2019年中国新诗排行榜
索取号:I227.1/T130
 
预约/预借
| 序号 | 登录号 | 条形码 | 馆藏地/架位号 | 状态 | 备注 |
| 1 | 1496609 | 214966090 | 文学库108/108文学库 19排2列2层/ [索取号:I227.1/T130] | 在馆 | |
| 2 | 1496610 | 214966107 | 文学库108/108文学库 19排2列2层/ [索取号:I227.1/T130] | 在馆 | |
| 3 | 1496611 | 214966116 | 文学库108/108文学库 19排2列2层/ [索取号:I227.1/T130] | 在馆 |